[Event "Saarland-ch Seniors 24th"]
[Site "Steinrausch"]
[Date "2005.03.25"]
[Round "8"]
[White "Wied, Erwin"]
[Black "Ochs, Rudolf"]
[Result "1/2-1/2"]
[WhiteElo "1689"]
[BlackElo "1696"]
[PlyCount "136"]
[EventDate "2005.03.18"]
[EventType "swiss"]
[EventRounds "9"]
[EventCountry "GER"]
[SourceTitle "EXT 2006"]
[Source "ChessBase"]
[SourceDate "2005.11.24"]
[SourceVersion "1"]
[SourceVersionDate "2005.11.24"]
[SourceQuality "1"]

1. d4 d5 2. Nc3 Bf5 3. Bf4 a6 4. e3 e6 5. Bd3 Bxd3 6. Qxd3 Nf6 7. Nge2 c5 8. 0-0 c4 9. Qd2 Bb4 10. a3 Ne4 11. Qe1 Ba5 12. f3 Nxc3 13. bxc3 Bc7 14. Qg3 Bxf4 15. Nxf4 g6 16. e4 0-0 17. e5 Qa5 18. Nh5 Qxc3 19. Nf6+ Kg7 20. Qg5 Qxc2 21. Ng4 Nd7 22. Qh6+ Kh8 23. f4 Qf5 24. Qh4 Qh5 25. Qg3 b5 26. Ne3 a5 27. Qe1 f6 28. Rf3 g5 29. g4 Qh4 30. Qf1 gxf4 31. Rxf4 fxe5 32. dxe5 Qg5 33. Ng2 Rxf4 34. Qxf4 Qxf4 35. Nxf4 Nxe5 36. Nxe6 Nxg4 37. Nc7 Rd8 38. Nxb5 d4 39. h3 Ne3 40. Kf2 Nf5 41. Rd1 Kg7 42. Ke2 d3+ 43. Kd2 Nd6 44. Nc3 Re8 45. Rg1+ Kh8 46. Rg4 Rb8 47. Rd4 Rb6 48. a4 Rc6 49. h4 Kg7 50. Rd5 Nf7 51. Rxa5 h6 52. Rd5 Rd6 53. a5 Rxd5 54. Nxd5 Nd6 55. a6 Nb5 56. Ne3 Kg6 57. Nxc4 Kh5 58. Kxd3 Kxh4 59. Nd6 Na7 60. Kc4 Kg5 61. Kc5 h5 62. Kb6 h4 63. Kxa7 h3 64. Ne4+ Kg4 65. Nf2+ Kg3 66. Nh1+ Kg2 67. Kb8 Kxh1 68. a7 Kg1 1/2-1/2

[Event "Saarland-ch Seniors 24th"]
[Site "Steinrausch"]
[Date "2005.03.24"]
[Round "7"]
[White "Ochs, Rudolf"]
[Black "Gimber, Robert"]
[Result "1-0"]
[WhiteElo "1696"]
[BlackElo "1710"]
[PlyCount "25"]
[EventDate "2005.03.18"]
[EventType "swiss"]
[EventRounds "9"]
[EventCountry "GER"]
[SourceTitle "EXT 2006"]
[Source "ChessBase"]
[SourceDate "2005.11.24"]
[SourceVersion "1"]
[SourceVersionDate "2005.11.24"]
[SourceQuality "1"]

1. e4 d6 2. d4 Nf6 3. Nc3 g6 4. f4 Bg7 5. Nf3 0-0 6. Be2 c5 7. dxc5 Qa5 8. 0-0 Qxc5+ 9. Kh1 Ng4 10. Nd5 Na6 11. c3 Nf2+ 12. Rxf2 Qxf2 13. Be3 1-0

[Event "Saarland-ch Seniors 24th"]
[Site "Steinrausch"]
[Date "2005.03.20"]
[Round "3"]
[White "Ewen, Ewald"]
[Black "Ochs, Rudolf"]
[Result "0-1"]
[WhiteElo "1384"]
[BlackElo "1696"]
[PlyCount "70"]
[EventDate "2005.03.18"]
[EventType "swiss"]
[EventRounds "9"]
[EventCountry "GER"]
[SourceTitle "EXT 2006"]
[Source "ChessBase"]
[SourceDate "2005.11.24"]
[SourceVersion "1"]
[SourceVersionDate "2005.11.24"]
[SourceQuality "1"]

1. d4 d5 2. Nf3 Nf6 3. c4 c6 4. cxd5 cxd5 5. Nc3 Nc6 6. Bf4 a6 7. e3 Bf5 8. Bd3 Bxd3 9. Qxd3 e6 10. a3 Na5 11. Qd1 b5 12. 0-0 Bd6 13. Bxd6 Qxd6 14. h3 Nc4 15. Rb1 Rc8 16. Nd2 Nxa3 17. bxa3 Rxc3 18. Rb3 Rc6 19. Qb1 0-0 20. Rc1 Rfc8 21. Rxc6 Qxc6 22. Rb2 Qc3 23. Ra2 Qc1+ 24. Qxc1 Rxc1+ 25. Kh2 Ne4 26. Nxe4 dxe4 27. Kg3 Rc3 28. Kf4 f5 29. g4 g6 30. Ke5 Kf7 31. Kf4 Kf6 32. Kg3 g5 33. Kg2 f4 34. exf4 gxf4 35. Re2 f3+ 0-1